000 00832nam a2200277 c 4500
999 _c344514
_d344514
003 BLK
005 20210811030706.0
008 180911b bul|||||r ||||||| ||bul||
010 _a004179
040 _aBLK
041 _aFRE
_cBUL
080 _z934
100 1 _aCOURTILLIER, Gaston
_eпърви автор
_9398032
245 0 0 _aLes anciennes civilisations de l'Inde
250 _a2. ed
260 _aParis
_bArmand Colin
_c1938
300 _a216, 16 с
_bс ил.
_c17 см
380 _a9
490 _aColl. Armand Colin
490 _aЧастна колекция - Академик Михаил Арнаудов
_gДарение - Основен фонд
500 _aМихаил Арнаудов: подпис
655 _aистория
_9396557
700 1 _aGaston Courtillier
_9398033
852 _aМА 1278
942 _cKNG
_n0
_s1
944 _aCR
_c1996
_kValK
999 _d344514